Trendy v uplatňovaní spotrebnej dane z vína
Základná legislatíva v oblasti vinohradníctva v EÚ. Zdanenie tichého vína. Vývoj príjmov zo spotrebnej dane z vína do štátneho rozpočtu. Spotreba hroznového vína, piva a liehovín na Slovensku.
Saved in:
| Main Author: | |
|---|---|
| Format: | Book Chapter |
| Language: | Slovak |
| Subjects: | |
| Tags: |
No Tags, Be the first to tag this record!
|
MARC
| LEADER | 00000nla$a2200000$$$4500 | ||
|---|---|---|---|
| 001 | 0146869 | ||
| 005 | 20240617094658.4 | ||
| 041 | 0 | |a slo | |
| 044 | |a SK | ||
| 245 | 1 | 0 | |a Trendy v uplatňovaní spotrebnej dane z vína |c Juraj Válek |
| 520 | |a Základná legislatíva v oblasti vinohradníctva v EÚ. Zdanenie tichého vína. Vývoj príjmov zo spotrebnej dane z vína do štátneho rozpočtu. Spotreba hroznového vína, piva a liehovín na Slovensku. | ||
| 610 | 2 | 0 | |a vinohradníctvo |
| 610 | 2 | 0 | |a legislatíva |
| 610 | 2 | 0 | |a Európska únia |
| 610 | 2 | 0 | |a víno |
| 610 | 2 | 0 | |a pivo |
| 610 | 2 | 0 | |a lieh |
| 610 | 2 | 0 | |a dane spotrebné |
| 610 | 2 | 0 | |a príjmy rozpočtu štátneho |
| 610 | 2 | 0 | |a spotreba |
| 100 | 1 | |a Válek, Juraj, 1981- | |